[Event "Heusenstamm Sparkassen op U14 9th"]
[Site "Heusenstamm"]
[Date "2023.11.26"]
[Round "7"]
[White "Vranckx, Gabriel"]
[Black "Xu, Dorothea Sicheng"]
[Result "0-1"]
[WhiteElo "910"]
[BlackElo "1051"]
[PlyCount "54"]
[EventDate "2023.11.24"]
[EventType "swiss"]
[EventRounds "7"]
[EventCountry "GER"]
[SourceTitle "EXT 2025"]
[Source "ChessBase"]
[SourceDate "2024.10.14"]
[SourceVersion "1"]
[SourceVersionDate "2024.10.14"]
[SourceQuality "1"]

1. e4 e5 2. Nf3 Nc6 3. d4 exd4 4. Nxd4 Qf6 5. Nxc6 Qxc6 6. Nc3 Bc5 7. Bf4 Ne7 8. Bb5 Qf6 9. Qd2 c6 10. e5 Qg6 11. Bd3 Qxg2 12. Be4 Qh3 13. 0-0-0 0-0 14. Qd3 Qxd3 15. Rxd3 Bxf2 16. Rf1 Bc5 17. Rg3 Re8 18. Bh6 g6 19. Ne2 d5 20. Bd3 Be6 21. Nf4 Bf5 22. Bxf5 Nxf5 23. Nh5 Nxg3 24. hxg3 gxh5 25. Rf5 Re6 26. Rg5+ Rg6 27. e6 Be3+ 0-1